Charbel, un saint du Liban /

محفوظ في:

المؤلف الرئيسي: Haddad, Jean-Pierre (مؤلف)

التنسيق: كتاب

اللغة: French

منشور في: Paris : A. Maisonneuve, 1978.

الموضوعات:

الوسوم: إضافة وسم

لا توجد وسوم, كن أول من يضع وسما على هذه التسجيلة!

رقم الطلب: BX4700 .S47 H3 1978

LEADER 00681nam a2200229 i 4500
001 727
003 OSt
005 20251110062658.0
008 130303s1978 fr abf 000 0bfre d
010 |a 79397840 
035 |a rdb04942883 
040 |c ARCE Library 
050 4 |a BX4700 .S47 H3 1978 
100 1 |a Haddad, Jean-Pierre,  |e author 
245 1 0 |a Charbel, un saint du Liban /  |c Jean-Pierre Haddad. 
264 1 |a Paris :  |b A. Maisonneuve,  |c 1978. 
300 |a 192 pages, [4] leaves of plates :  |b Illustrations, map ;  |c 19 cm. 
600 0 0 |a Sharbal Makhlūf,  |c Saint,  |d 1828-1898. 
650 0 |a Christian saints  |z Lebanon  |x Biography. 
901 |a reviewed 
942 |c BK  |2 lcc 
999 |c 2908  |d 2908